LIBRARY ONLINE CATALOGUE

A Theology of Paul and His Letters (Record no. 19382)

MARC details
000 -LEADER
fixed length control field 00504nam a22001577a 4500
008 - FIXED-LENGTH DATA ELEMENTS--GENERAL INFORMATION
fixed length control field 220713b |||||||| |||| 00| 0 eng d
020 ## - INTERNATIONAL STANDARD BOOK NUMBER
International Standard Book Number 0310270904
050 ## - LIBRARY OF CONGRESS CALL NUMBER
Classification number BS2651
Item number .M66 2021
100 ## - MAIN ENTRY--PERSONAL NAME
Personal name Moo, Douglas J.
245 ## - TITLE STATEMENT
Title A Theology of Paul and His Letters
Remainder of title the Gift of the New Realm in Christ
Statement of responsibility, etc. Douglas J. Moo
260 ## - PUBLICATION, DISTRIBUTION, ETC. (IMPRINT)
Place of publication, distribution, etc. New York
Name of publisher, distributor, etc. Zondervan, Academic
Date of publication, distribution, etc. 2021
300 ## - PHYSICAL DESCRIPTION
Extent xxxii, 749p.
650 ## - SUBJECT ADDED ENTRY--TOPICAL TERM
Topical term or geographic name as entry element Paul, the Apostle saint
Form subdivision theology
650 ## - SUBJECT ADDED ENTRY--TOPICAL TERM
Topical term or geographic name as entry element Epistles of paul
Form subdivision theology
942 ## - ADDED ENTRY ELEMENTS (KOHA)
Source of classification or shelving scheme Library of Congress Classification
Koha item type General Collection
Holdings
Withdrawn status Lost status Source of classification or shelving scheme Not for loan Home library Current library Date acquired Cost, normal purchase price Total Checkouts Total Renewals Full call number Barcode Date last seen Date last checked out Price effective from Koha item type
    Library of Congress Classification   Kabarak, Main Campus Kabarak, Main Campus 13/07/2022 3500.00 1 1 BS2651 .M66 2021 c.1 031941 02/08/2024 30/10/2023 13/07/2022 General Collection